Využitie Edgeworthovej a Normal power aproximácie v kolektívnom modeli rizika
Gespeichert in:
| 1. Verfasser: | |
|---|---|
| Weitere Verfasser: | |
| Format: | Buchkapitel |
| Sprache: | Slowakisch |
| Schlagworte: | |
| Tags: |
Keine Tags, Fügen Sie das erste Tag hinzu!
|
MARC
| LEADER | 00000nla a2200000 4500 | ||
|---|---|---|---|
| 001 | 0157203 | ||
| 005 | 20240502072739.0 | ||
| 041 | 0 | |a slo | |
| 044 | |a SK | ||
| 245 | 1 | 0 | |a Využitie Edgeworthovej a Normal power aproximácie v kolektívnom modeli rizika |c Vladimír Mucha, Martin Šeleng |
| 500 | |a Abstrakt | ||
| 610 | 2 | 0 | |a poisťovníctvo |
| 610 | 2 | 0 | |a poisťovne |
| 610 | 2 | 0 | |a poistenie neživotné |
| 610 | 2 | 0 | |a riziko poistné |
| 610 | 2 | 0 | |a matematika poistná |
| 610 | 2 | 0 | |a poistenie zodpovednosti za škody |
| 100 | 1 | |a Mucha, Vladimír, 1976- | |
| 700 | 1 | |a Šeleng, Martin | |